| 000 | 02162cam a2200457 a 4500 | ||
|---|---|---|---|
| 001 | 10667967 | ||
| 003 | USPCAS-E | ||
| 005 | 20180118181423.0 | ||
| 006 | m d | ||
| 007 | cr n | ||
| 008 | 090730s2010 nyuab sb 001 0 eng d | ||
| 020 | _a9780071621472 | ||
| 020 | _a0071621474 | ||
| 035 | _a(WaSeSS)ssj0000101589 | ||
| 040 |
_aDLC _cDLC _dBTCTA _dC#P _dBWX _dYDXCP _dOKU _dSINLB _dCDX _dDLC _dWaSeSS |
||
| 050 | 4 |
_aTK1005 _b.G469 2010 |
|
| 082 | 0 | 0 |
_a720.472 _222 _bGEV-A 2010 |
| 100 | 1 | _aGevorkian, Peter. | |
| 210 | 1 | 0 | _aAlternative energy systems in building design |
| 245 | 1 | 0 |
_aAlternative energy systems in building design _cPeter Gevorkian. |
| 260 |
_aNew York : _bMcGraw-Hill, _cc2010. |
||
| 490 | 1 | _aMcGraw-Hill's GreenSource series | |
| 500 | _a"A GreenSource book"--Cover. | ||
| 502 | _a. | ||
| 504 | _aIncludes bibliographical references (p. 503-504) and index. | ||
| 505 | 0 | _aGlobal warming : climatic and atmospheric changes -- Energy systems -- Solar power system physics and technologies -- California solar initiative program -- Energy conservation -- Passive solar heating technologies -- Fuel cell technology -- Wind energy technologies -- Ocean energy technologies -- Hydroelectric and micro-hydro turbine power -- Geothermal energy -- Biofuel, biogas, and thermal depolymerization technologies -- Fission- and fusion-type nuclear power -- Air pollution abatement -- Carbon dioxide sequestration and carbon trading economics. | |
| 506 | _aLicense restrictions may limit access. | ||
| 650 | 0 | _aElectric power systems. | |
| 650 | 0 | _aSmall power production facilities. | |
| 650 | 0 | _aSustainable buildings. | |
| 650 | 0 | _aBuilding-integrated photovoltaic systems. | |
| 650 | 0 | _aRenewable energy sources. | |
| 650 | 0 | _aWind power plants. | |
| 650 | 0 | _aHydroelectric power plants. | |
| 650 | 0 | _aArchitecture and energy conservation. | |
| 773 | 0 | _tAccessEngineering | |
| 830 | 0 | _aMcGraw-Hill's GreenSource series. | |
| 856 | 4 | 0 |
_uhttp://www.columbia.edu/cgi-bin/cul/resolve?clio10667967 _zFull text available from AccessEngineering |
| 910 | _aLibrary of Congress record | ||
| 942 |
_2ddc _cBK |
||
| 999 |
_c356085 _d356085 |
||